000 01102nam a2200241 a 4500
001 21387
003 CO-ViMGA
008 141112s2004 ck r 000 u spa d
020 _a9586484025
040 _aCO-ViMGA
_bspa
_cCO-ViMGA
082 0 4 _a368 S348
110 _aUniversidad de la Sabana
_930536
245 1 0 _aSeguros :
_bTemas esenciales
250 _a2
260 _aBogotá; Ecoe,
_cUniversidad de la Sabana,
_c2005
300 _a538
505 _aDerecho de seguros 4 - - El seguro de vida y sus extensiones de cobertura 123 - - Eñ seguro de responsabilidad para directores y administradores 221 - - Los intermediarios de seguros, su contratación entre particulares y entidades estatales 459 - - Gobernabilidad corporativa y administración de riesgos en las compañías de seguros c 487
590 _aForma de adquisición : Compra fact. 0866 - - Precio : 52000 - - Proveedor : Temas y libros - - Fecha de adquisición : Mayo 2007
650 1 4 _aADMINISTRACION DE RIESGOS
_930537
650 1 4 _aSEGUROS
_95999
650 1 4 _aSEGUROS - LEGISLACION - COLOMBIA
_930538
942 _2ddc
_cBK
999 _c30003
_d30003